000
00332nam a22001457a 4500
008
210531b ||||| |||| 00| 0 eng d
020
_a
9780321418432
041
_a
eng
080
_2
6th
_a
330.101.542
082
_a
330.101.542
100
_a
52
101
_a
MIKRO
245
_a
Microeconomics
_c
Michael Parkin
942
_2
udc
_c
BK
999
_c
57840
_d
57840